[Event "DEM U10w 2025"]
[Site "Willingen GER"]
[Date "2025.06.08"]
[Round "1"]
[White "Schmidt, Hannah"]
[Black "Bashirova, Sona"]
[Result "0-1"]
[Termination "normal"]
[Board "1"]
[WhiteElo "1121"]
[BlackElo "1639"]
[WhiteClock "00:45:52"]
[BlackClock "00:09:21"]
[PlyCount "134"]
[WhiteFideId "533043639"]
[BlackFideId "34664033"]
[EventCountry "GER"]
[EventRounds "9"]
[EventType "swiss"]
[EventDate "2025.06.07"]

1. c4 {[%clk 01:30:57]} {[%emt 00:00:02]} Nf6 {[%clk 01:30:48]} {[%emt
00:00:13]} 2. Nc3 {[%clk 01:31:18]} {[%emt 00:00:09]} e6 {[%clk 01:31:00]}
{[%emt 00:00:18]} 3. e3 {[%clk 01:31:20]} {[%emt 00:00:28]} d5 {[%clk
01:30:36]} {[%emt 00:00:54]} 4. d4 {[%clk 01:31:15]} {[%emt 00:00:35]} a6
{[%clk 01:29:05]} {[%emt 00:02:01]} 5. a4 {[%clk 01:30:11]} {[%emt 00:01:34]}
c5 {[%clk 01:28:09]} {[%emt 00:01:27]} 6. Bd3 {[%clk 01:28:33]} {[%emt
00:02:08]} Nc6 {[%clk 01:23:22]} {[%emt 00:05:16]} 7. Nf3 {[%clk 01:26:14]}
{[%emt 00:02:49]} Bd6 {[%clk 01:06:39]} {[%emt 00:17:13]} 8. b3 {[%clk
01:12:46]} {[%emt 00:13:58]} O-O {[%clk 01:00:48]} {[%emt 00:06:22]} 9. O-O
{[%clk 01:09:12]} {[%emt 00:04:03]} Qc7 {[%clk 00:50:39]} {[%emt 00:10:40]} 10.
Bc2 {[%clk 01:07:21]} {[%emt 00:02:20]} Rd8 {[%clk 00:44:41]} {[%emt 00:06:26]}
11. Re1 {[%clk 00:54:54]} {[%emt 00:12:58]} Nb4 {[%clk 00:36:22]} {[%emt
00:08:50]} 12. Ba3 {[%clk 00:53:21]} {[%emt 00:02:02]} Nxc2 {[%clk 00:35:08]}
{[%emt 00:01:45]} 13. Qxc2 {[%clk 00:53:28]} {[%emt 00:00:23]} b6 {[%clk
00:31:24]} {[%emt 00:04:14]} 14. e4 {[%clk 00:47:48]} {[%emt 00:06:10]} dxe4
{[%clk 00:28:50]} {[%emt 00:03:04]} 15. Nxe4 {[%clk 00:47:38]} {[%emt
00:00:40]} Be7 {[%clk 00:22:30]} {[%emt 00:06:50]} 16. Rad1 {[%clk 00:43:47]}
{[%emt 00:04:21]} Bb7 {[%clk 00:20:02]} {[%emt 00:02:58]} 17. Nxf6+ {[%clk
00:40:44]} {[%emt 00:03:32]} Bxf6 {[%clk 00:20:03]} {[%emt 00:00:30]} 18. dxc5
{[%clk 00:40:16]} {[%emt 00:00:58]} Bxf3 {[%clk 00:15:32]} {[%emt 00:05:01]}
19. gxf3 {[%clk 00:40:29]} {[%emt 00:00:16]} bxc5 {[%clk 00:14:35]} {[%emt
00:01:28]} 20. Bb2 {[%clk 00:38:17]} {[%emt 00:02:42]} Bxb2 {[%clk 00:13:30]}
{[%emt 00:01:35]} 21. Qxb2 {[%clk 00:38:35]} {[%emt 00:00:12]} Rab8 {[%clk
00:13:05]} {[%emt 00:00:55]} 22. Rd2 {[%clk 00:37:37]} {[%emt 00:01:28]} Rxd2
{[%clk 00:10:11]} {[%emt 00:03:25]} 23. Qxd2 {[%clk 00:38:01]} {[%emt
00:00:05]} Rxb3 {[%clk 00:08:39]} {[%emt 00:02:02]} 24. Rd1 {[%clk 00:38:18]}
{[%emt 00:00:14]} g6 {[%clk 00:08:40]} {[%emt 00:00:29]} 25. Qd8+ {[%clk
00:38:15]} {[%emt 00:00:33]} Qxd8 {[%clk 00:09:03]} {[%emt 00:00:07]} 26. Rxd8+
{[%clk 00:38:37]} {[%emt 00:00:07]} Kg7 {[%clk 00:09:31]} {[%emt 00:00:03]} 27.
Ra8 {[%clk 00:38:23]} {[%emt 00:00:44]} Rb4 {[%clk 00:08:51]} {[%emt 00:01:09]}
28. Rxa6 {[%clk 00:38:22]} {[%emt 00:00:31]} Rxc4 {[%clk 00:09:15]} {[%emt
00:00:06]} 29. Ra5 {[%clk 00:38:26]} {[%emt 00:00:26]} Rc1+ {[%clk 00:08:03]}
{[%emt 00:01:42]} 30. Kg2 {[%clk 00:38:45]} {[%emt 00:00:11]} c4 {[%clk
00:08:11]} {[%emt 00:00:22]} 31. Kg3 {[%clk 00:38:53]} {[%emt 00:00:22]} c3
{[%clk 00:08:22]} {[%emt 00:00:19]} 32. Kf4 {[%clk 00:39:11]} {[%emt 00:00:12]}
c2 {[%clk 00:07:37]} {[%emt 00:01:15]} 33. Rc5 {[%clk 00:39:34]} {[%emt
00:00:07]} Kf6 {[%clk 00:06:45]} {[%emt 00:01:22]} 34. Ke3 {[%clk 00:39:40]}
{[%emt 00:00:25]} Ra1 {[%clk 00:06:58]} {[%emt 00:00:17]} 35. Rxc2 {[%clk
00:39:58]} {[%emt 00:00:11]} Rxa4 {[%clk 00:07:24]} {[%emt 00:00:04]} 36. f4
{[%clk 00:39:50]} {[%emt 00:00:34]} Ra5 {[%clk 00:05:49]} {[%emt 00:02:09]} 37.
Kf3 {[%clk 00:39:34]} {[%emt 00:00:46]} Kf5 {[%clk 00:05:31]} {[%emt 00:00:48]}
38. Rc4 {[%clk 00:39:29]} {[%emt 00:00:35]} Ra3+ {[%clk 00:05:14]} {[%emt
00:00:47]} 39. Ke2 {[%clk 00:39:41]} {[%emt 00:00:18]} Rh3 {[%clk 00:04:18]}
{[%emt 00:01:26]} 40. Rc7 {[%clk 00:39:32]} {[%emt 00:00:40]} f6 {[%clk
00:04:12]} {[%emt 00:00:36]} 41. Rd7 {[%clk 00:39:28]} {[%emt 00:00:33]} Rxh2
{[%clk 00:03:05]} {[%emt 00:01:37]} 42. Ke3 {[%clk 00:39:10]} {[%emt 00:00:48]}
Rh4 {[%clk 00:02:12]} {[%emt 00:01:22]} 43. Rd4 {[%clk 00:39:21]} {[%emt
00:00:17]} e5 {[%clk 00:01:39]} {[%emt 00:01:07]} 44. fxe5 {[%clk 00:39:41]}
{[%emt 00:00:09]} Rxd4 {[%clk 00:02:06]} {[%emt 00:00:04]} 45. Kxd4 {[%clk
00:40:03]} {[%emt 00:00:07]} fxe5+ {[%clk 00:02:33]} {[%emt 00:00:04]} 46. Ke3
{[%clk 00:39:01]} {[%emt 00:01:30]} Kg4 {[%clk 00:02:46]} {[%emt 00:00:18]} 47.
f3+ {[%clk 00:39:19]} {[%emt 00:00:12]} Kg3 {[%clk 00:03:08]} {[%emt 00:00:08]}
48. Ke2 {[%clk 00:39:31]} {[%emt 00:00:18]} Kg2 {[%clk 00:03:24]} {[%emt
00:00:14]} 49. Ke3 {[%clk 00:39:48]} {[%emt 00:00:12]} h5 {[%clk 00:03:12]}
{[%emt 00:00:43]} 50. Ke4 {[%clk 00:39:57]} {[%emt 00:00:21]} h4 {[%clk
00:03:33]} {[%emt 00:00:10]} 51. Kxe5 {[%clk 00:40:11]} {[%emt 00:00:16]} h3
{[%clk 00:04:00]} {[%emt 00:00:03]} 52. Kf6 {[%clk 00:40:35]} {[%emt 00:00:05]}
Kxf3 {[%clk 00:04:14]} {[%emt 00:00:16]} 53. Kxg6 {[%clk 00:40:53]} {[%emt
00:00:12]} h2 {[%clk 00:04:38]} {[%emt 00:00:07]} 54. Kf6 {[%clk 00:41:17]}
{[%emt 00:00:04]} h1=Q {[%clk 00:05:03]} {[%emt 00:00:06]} 55. Ke5 {[%clk
00:41:38]} {[%emt 00:00:08]} Qh4 {[%clk 00:05:19]} {[%emt 00:00:14]} 56. Kd5
{[%clk 00:41:58]} {[%emt 00:00:11]} Qe4+ {[%clk 00:05:43]} {[%emt 00:00:06]}
57. Kd6 {[%clk 00:42:18]} {[%emt 00:00:10]} Qf5 {[%clk 00:06:08]} {[%emt
00:00:05]} 58. Kc6 {[%clk 00:42:41]} {[%emt 00:00:07]} Qe5 {[%clk 00:06:33]}
{[%emt 00:00:05]} 59. Kd7 {[%clk 00:42:59]} {[%emt 00:00:12]} Qf6 {[%clk
00:06:57]} {[%emt 00:00:06]} 60. Kc7 {[%clk 00:43:22]} {[%emt 00:00:07]} Qe6
{[%clk 00:07:22]} {[%emt 00:00:05]} 61. Kb7 {[%clk 00:43:32]} {[%emt 00:00:20]}
Qd6 {[%clk 00:07:34]} {[%emt 00:00:18]} 62. Ka7 {[%clk 00:43:54]} {[%emt
00:00:09]} Qc6 {[%clk 00:07:56]} {[%emt 00:00:07]} 63. Kb8 {[%clk 00:44:15]}
{[%emt 00:00:09]} Qd7 {[%clk 00:08:23]} {[%emt 00:00:03]} 64. Ka8 {[%emt
00:00:14]} Ke4 {[%clk 00:08:45]} {[%emt 00:00:01]} 65. Kb8 {[%clk 00:45:01]}
{[%emt 00:00:08]} Kd5 {[%clk 00:08:57]} {[%emt 00:00:17]} 66. Ka8 {[%clk
00:45:27]} {[%emt 00:00:03]} Kc6 {[%clk 00:09:24]} {[%emt 00:00:04]} 67. Kb8
{[%clk 00:45:52]} {[%emt 00:00:05]} Qb7# {[%clk 00:09:21]} {[%emt 00:00:03]}
0-1

[Event "DEM U10w 2025"]
[Site "Willingen GER"]
[Date "2025.06.08"]
[Round "1"]
[White "Elsayed Esam, Sally"]
[Black "Helbig, Frieda"]
[Result "1-0"]
[Termination "normal"]
[Board "2"]
[WhiteElo "1623"]
[BlackElo "1449"]
[WhiteClock "00:13:05"]
[BlackClock "00:21:47"]
[PlyCount "119"]
[WhiteFideId "34662170"]
[BlackFideId "533010161"]
[EventCountry "GER"]
[EventRounds "9"]
[EventType "swiss"]
[EventDate "2025.06.07"]

1. d4 {[%clk 01:30:54]} {[%emt 00:00:06]} d5 {[%clk 01:30:48]} {[%emt
00:00:12]} 2. Nf3 {[%clk 01:31:15]} {[%emt 00:00:09]} Nf6 {[%clk 01:30:59]}
{[%emt 00:00:18]} 3. g3 {[%clk 01:31:28]} {[%emt 00:00:18]} Bf5 {[%clk
01:28:19]} {[%emt 00:03:10]} 4. Bg2 {[%clk 01:31:41]} {[%emt 00:00:17]} e6
{[%clk 01:28:09]} {[%emt 00:00:40]} 5. O-O {[%clk 01:31:36]} {[%emt 00:00:34]}
c5 {[%clk 01:27:33]} {[%emt 00:01:06]} 6. b3 {[%clk 01:30:04]} {[%emt
00:02:03]} Nc6 {[%clk 01:27:15]} {[%emt 00:00:47]} 7. Bb2 {[%clk 01:30:04]}
{[%emt 00:00:31]} Be7 {[%clk 01:26:40]} {[%emt 00:01:04]} 8. Nbd2 {[%clk
01:29:47]} {[%emt 00:00:48]} O-O {[%clk 01:26:08]} {[%emt 00:00:59]} 9. e3
{[%clk 01:27:53]} {[%emt 00:02:26]} h6 {[%clk 01:24:51]} {[%emt 00:01:47]} 10.
Ne5 {[%clk 01:21:26]} {[%emt 00:06:58]} Bd6 {[%clk 01:22:12]} {[%emt 00:02:57]}
11. f4 {[%clk 01:19:41]} {[%emt 00:02:26]} cxd4 {[%clk 01:17:50]} {[%emt
00:04:52]} 12. exd4 {[%clk 01:19:44]} {[%emt 00:00:27]} Nd7 {[%clk 01:15:30]}
{[%emt 00:02:45]} 13. c4 {[%clk 01:10:52]} {[%emt 00:09:27]} f6 {[%clk
01:14:47]} {[%emt 00:01:13]} 14. cxd5 {[%clk 01:03:30]} {[%emt 00:07:54]} fxe5
{[%clk 01:14:30]} {[%emt 00:00:46]} 15. dxc6 {[%clk 01:02:54]} {[%emt
00:01:06]} bxc6 {[%clk 01:14:24]} {[%emt 00:00:35]} 16. dxe5 {[%clk 01:02:27]}
{[%emt 00:00:58]} Bc5+ {[%clk 01:13:59]} {[%emt 00:00:51]} 17. Kh1 {[%clk
01:02:14]} {[%emt 00:00:47]} Nb6 {[%clk 01:13:46]} {[%emt 00:00:40]} 18. Ne4
{[%clk 00:50:19]} {[%emt 00:12:29]} Be7 {[%clk 01:13:47]} {[%emt 00:00:25]} 19.
Nd6 {[%clk 00:47:01]} {[%emt 00:03:52]} Bg6 {[%clk 01:10:53]} {[%emt 00:03:04]}
20. Bxc6 {[%clk 00:38:27]} {[%emt 00:09:22]} Rb8 {[%clk 01:05:41]} {[%emt
00:05:34]} 21. Rc1 {[%clk 00:27:32]} {[%emt 00:11:34]} Nd5 {[%clk 01:01:19]}
{[%emt 00:04:44]} 22. Bxd5 {[%clk 00:22:41]} {[%emt 00:05:28]} exd5 {[%clk
00:56:13]} {[%emt 00:05:36]} 23. Qg4 {[%clk 00:19:25]} {[%emt 00:03:45]} Kh7
{[%clk 00:52:24]} {[%emt 00:04:11]} 24. f5 {[%clk 00:19:22]} {[%emt 00:00:42]}
Be8 {[%clk 00:50:15]} {[%emt 00:02:36]} 25. f6 {[%clk 00:14:35]} {[%emt
00:05:21]} Bg6 {[%clk 00:47:14]} {[%emt 00:03:22]} 26. fxe7 {[%clk 00:14:16]}
{[%emt 00:00:57]} Qxe7 {[%clk 00:45:47]} {[%emt 00:01:54]} 27. Rxf8 {[%clk
00:13:12]} {[%emt 00:01:35]} Rxf8 {[%clk 00:45:58]} {[%emt 00:00:17]} 28. h4
{[%clk 00:12:37]} {[%emt 00:01:09]} h5 {[%clk 00:41:25]} {[%emt 00:04:42]} 29.
Qg5 {[%clk 00:12:46]} {[%emt 00:00:43]} Qxg5 {[%clk 00:41:23]} {[%emt
00:00:31]} 30. hxg5 {[%clk 00:12:51]} {[%emt 00:00:25]} Rf2 {[%clk 00:38:16]}
{[%emt 00:03:24]} 31. Bd4 {[%clk 00:11:33]} {[%emt 00:02:01]} Re2 {[%clk
00:32:06]} {[%emt 00:06:30]} 32. Rc3 {[%clk 00:10:25]} {[%emt 00:01:48]} Re1+
{[%clk 00:31:28]} {[%emt 00:01:01]} 33. Kg2 {[%clk 00:10:13]} {[%emt 00:00:50]}
Re2+ {[%clk 00:30:58]} {[%emt 00:00:56]} 34. Kf3 {[%clk 00:10:20]} {[%emt
00:00:26]} Re1 {[%clk 00:29:13]} {[%emt 00:02:09]} 35. Re3 {[%clk 00:09:48]}
{[%emt 00:01:07]} Rf1+ {[%clk 00:28:47]} {[%emt 00:00:52]} 36. Kg2 {[%clk
00:09:59]} {[%emt 00:00:23]} Rd1 {[%clk 00:28:43]} {[%emt 00:00:19]} 37. Bxa7
{[%clk 00:08:52]} {[%emt 00:01:54]} Rd2+ {[%clk 00:23:57]} {[%emt 00:05:10]}
38. Kf3 {[%clk 00:08:52]} {[%emt 00:00:35]} Rd1 {[%clk 00:23:44]} {[%emt
00:00:40]} 39. e6 {[%clk 00:09:06]} {[%emt 00:00:20]} Rf1+ {[%clk 00:23:57]}
{[%emt 00:00:14]} 40. Ke2 {[%clk 00:09:27]} {[%emt 00:00:11]} Ra1 {[%clk
00:23:42]} {[%emt 00:00:36]} 41. a4 {[%clk 00:09:31]} {[%emt 00:00:36]} Ra2+
{[%clk 00:21:52]} {[%emt 00:02:16]} 42. Kf3 {[%clk 00:09:42]} {[%emt 00:00:22]}
Ra1 {[%clk 00:22:00]} {[%emt 00:00:18]} 43. e7 {[%clk 00:09:55]} {[%emt
00:00:20]} Rf1+ {[%clk 00:22:09]} {[%emt 00:00:17]} 44. Kg2 {[%clk 00:10:02]}
{[%emt 00:00:22]} Rd1 {[%clk 00:22:10]} {[%emt 00:00:27]} 45. e8=Q {[%clk
00:10:14]} {[%emt 00:00:26]} Bxe8 {[%clk 00:22:03]} {[%emt 00:00:35]} 46. Nxe8
{[%clk 00:10:11]} {[%emt 00:00:36]} Rd2+ {[%clk 00:22:15]} {[%emt 00:00:14]}
47. Kf1 {[%clk 00:10:16]} {[%emt 00:00:28]} Rd1+ {[%clk 00:22:20]} {[%emt
00:00:24]} 48. Re1 {[%clk 00:10:43]} {[%emt 00:00:05]} Rd2 {[%clk 00:22:10]}
{[%emt 00:00:37]} 49. b4 {[%clk 00:10:37]} {[%emt 00:00:38]} Ra2 {[%clk
00:22:10]} {[%emt 00:00:23]} 50. a5 {[%clk 00:11:01]} {[%emt 00:00:14]} Rb2
{[%clk 00:22:23]} {[%emt 00:00:12]} 51. b5 {[%clk 00:11:29]} {[%emt 00:00:07]}
Rxb5 {[%clk 00:22:16]} {[%emt 00:00:35]} 52. Bb6 {[%clk 00:11:48]} {[%emt
00:00:13]} d4 {[%clk 00:22:04]} {[%emt 00:00:37]} 53. Nc7 {[%clk 00:12:00]}
{[%emt 00:00:22]} Rb4 {[%clk 00:21:58]} {[%emt 00:00:24]} 54. a6 {[%clk
00:12:06]} {[%emt 00:00:37]} Rxb6 {[%clk 00:21:50]} {[%emt 00:00:37]} 55. a7
{[%clk 00:12:24]} {[%emt 00:00:12]} Rb7 {[%clk 00:21:57]} {[%emt 00:00:14]} 56.
a8=Q {[%clk 00:12:38]} {[%emt 00:00:24]} Rxc7 {[%clk 00:21:51]} {[%emt
00:00:36]} 57. Qe4+ {[%clk 00:12:59]} {[%emt 00:00:10]} Kg8 {[%clk 00:21:44]}
{[%emt 00:00:34]} 58. Qe8+ {[%clk 00:13:07]} {[%emt 00:00:24]} Kh7 {[%clk
00:21:57]} {[%emt 00:00:14]} 59. Qxh5+ {[%clk 00:13:32]} {[%emt 00:00:09]} Kg8
{[%clk 00:21:47]} {[%emt 00:00:39]} 60. Re8# {[%clk 00:13:05]} {[%emt
00:00:26]} 1-0

[Event "DEM U10w 2025"]
[Site "Willingen GER"]
[Date "2025.06.08"]
[Round "1"]
[White "Classen, Meara"]
[Black "Ruddat, Maila"]
[Result "1/2-1/2"]
[Termination "normal"]
[Board "3"]
[WhiteElo "1459"]
[BlackElo "1573"]
[WhiteClock "00:55:30"]
[BlackClock "00:41:03"]
[PlyCount "82"]
[WhiteFideId "34626956"]
[BlackFideId "34628100"]
[EventCountry "GER"]
[EventRounds "9"]
[EventType "swiss"]
[EventDate "2025.06.07"]

1. e4 {[%clk 01:30:58]} {[%emt 00:00:02]} e6 {[%clk 01:30:07]} {[%emt
00:00:53]} 2. d4 {[%clk 01:31:20]} {[%emt 00:00:08]} d5 {[%clk 01:30:04]}
{[%emt 00:00:32]} 3. Nc3 {[%clk 01:31:32]} {[%emt 00:00:18]} dxe4 {[%clk
01:30:02]} {[%emt 00:00:31]} 4. Nxe4 {[%clk 01:31:43]} {[%emt 00:00:20]} Bd7
{[%clk 01:27:52]} {[%emt 00:02:39]} 5. Nf3 {[%clk 01:31:18]} {[%emt 00:00:55]}
Bc6 {[%clk 01:27:08]} {[%emt 00:01:15]} 6. Bd3 {[%clk 01:31:14]} {[%emt
00:00:35]} Be7 {[%clk 01:24:21]} {[%emt 00:03:13]} 7. O-O {[%clk 01:30:28]}
{[%emt 00:01:19]} Nd7 {[%clk 01:24:11]} {[%emt 00:00:39]} 8. Bf4 {[%clk
01:29:59]} {[%emt 00:01:01]} Ngf6 {[%clk 01:23:52]} {[%emt 00:00:44]} 9. Nxf6+
{[%clk 01:26:09]} {[%emt 00:04:24]} Nxf6 {[%clk 01:22:30]} {[%emt 00:01:52]}
10. c3 {[%clk 01:25:37]} {[%emt 00:01:03]} O-O {[%clk 01:16:32]} {[%emt
00:06:26]} 11. Re1 {[%clk 01:24:52]} {[%emt 00:01:16]} Qd7 {[%clk 01:14:46]}
{[%emt 00:02:13]} 12. Ne5 {[%clk 01:23:09]} {[%emt 00:02:16]} Qd5 {[%clk
01:12:59]} {[%emt 00:02:15]} 13. Nxc6 {[%clk 01:21:37]} {[%emt 00:02:04]} Qxc6
{[%clk 01:12:50]} {[%emt 00:00:39]} 14. Bg5 {[%clk 01:20:13]} {[%emt 00:01:54]}
Rfd8 {[%clk 01:09:39]} {[%emt 00:03:33]} 15. Qc2 {[%clk 01:17:10]} {[%emt
00:03:41]} h6 {[%clk 01:09:10]} {[%emt 00:00:55]} 16. Bh4 {[%clk 01:16:51]}
{[%emt 00:00:52]} Nd5 {[%clk 01:05:06]} {[%emt 00:04:34]} 17. Bxe7 {[%clk
01:15:54]} {[%emt 00:01:29]} Nxe7 {[%clk 01:02:17]} {[%emt 00:03:18]} 18. Be4
{[%clk 01:14:40]} {[%emt 00:01:44]} Qb6 {[%clk 01:01:30]} {[%emt 00:01:13]} 19.
b3 {[%clk 01:13:05]} {[%emt 00:02:10]} Rac8 {[%clk 00:56:38]} {[%emt 00:05:21]}
20. Rad1 {[%clk 01:10:08]} {[%emt 00:03:27]} c6 {[%clk 00:53:58]} {[%emt
00:03:10]} 21. Re3 {[%clk 01:03:04]} {[%emt 00:07:34]} Nd5 {[%clk 00:48:42]}
{[%emt 00:05:42]} 22. Bxd5 {[%clk 01:01:43]} {[%emt 00:01:56]} Rxd5 {[%clk
00:48:26]} {[%emt 00:00:45]} 23. Rg3 {[%clk 01:01:26]} {[%emt 00:00:47]} c5
{[%clk 00:45:15]} {[%emt 00:03:42]} 24. dxc5 {[%clk 01:00:18]} {[%emt
00:01:38]} Rcxc5 {[%clk 00:45:11]} {[%emt 00:00:32]} 25. Rxd5 {[%clk 01:00:08]}
{[%emt 00:00:41]} Rxd5 {[%clk 00:45:32]} {[%emt 00:00:09]} 26. h3 {[%clk
01:00:12]} {[%emt 00:00:26]} Qd6 {[%clk 00:45:14]} {[%emt 00:00:48]} 27. c4
{[%clk 00:57:02]} {[%emt 00:03:41]} Rd2 {[%clk 00:45:18]} {[%emt 00:00:26]} 28.
Qc3 {[%clk 00:57:06]} {[%emt 00:00:25]} Qd4 {[%clk 00:45:06]} {[%emt 00:00:41]}
29. Qxd4 {[%clk 00:57:07]} {[%emt 00:00:31]} Rxd4 {[%clk 00:45:30]} {[%emt
00:00:06]} 30. Kf1 {[%clk 00:56:34]} {[%emt 00:01:01]} g5 {[%clk 00:45:37]}
{[%emt 00:00:22]} 31. Ke2 {[%clk 00:56:34]} {[%emt 00:00:30]} f5 {[%clk
00:45:42]} {[%emt 00:00:25]} 32. Rd3 {[%clk 00:56:24]} {[%emt 00:00:39]} Rxd3
{[%clk 00:45:43]} {[%emt 00:00:32]} 33. Kxd3 {[%clk 00:56:50]} {[%emt
00:00:04]} e5 {[%clk 00:46:01]} {[%emt 00:00:12]} 34. b4 {[%clk 00:57:10]}
{[%emt 00:00:11]} Kf7 {[%clk 00:46:10]} {[%emt 00:00:21]} 35. g4 {[%clk
00:57:03]} {[%emt 00:00:36]} Ke6 {[%clk 00:45:18]} {[%emt 00:01:21]} 36. c5
{[%clk 00:56:36]} {[%emt 00:00:58]} a6 {[%clk 00:44:26]} {[%emt 00:01:24]} 37.
a4 {[%clk 00:56:30]} {[%emt 00:00:35]} fxg4 {[%clk 00:44:17]} {[%emt 00:00:38]}
38. hxg4 {[%clk 00:56:47]} {[%emt 00:00:12]} Kd5 {[%clk 00:44:29]} {[%emt
00:00:18]} 39. f3 {[%clk 00:56:50]} {[%emt 00:00:28]} a5 {[%clk 00:42:20]}
{[%emt 00:02:39]} 40. bxa5 {[%clk 00:55:18]} {[%emt 00:02:03]} Kxc5 {[%clk
00:42:33]} {[%emt 00:00:17]} 41. Kc3 {[%clk 00:55:30]} {[%emt 00:00:17]} Kd6
{[%clk 00:41:03]} {[%emt 00:01:59]} 1/2-1/2